000 00587pam a2200193 a 4500
001 1950962
005 20241125172336.0
008 871021s1988 mnua b 001 0 eng
020 _a9780314642127
050 0 0 _aQB43.2
_b.S66 1988
082 0 0 _a520
_219
100 1 _aSnow, Theodore P.
_q(Theodore Peck)
245 1 4 _aThe dynamic universe :
_ban introduction to astronomy /
_cTheodore P. Snow.
250 _a3rd ed.
260 _aSt. Paul :
_bWest Pub. Co.,
_cc1988.
300 _axxi, 658, [38] p. :
_bill. (some col.) ;
_c26 cm.
650 0 _aAstronomy.
942 _2lcc
_cBK
_e3rd ed.
_n0
999 _c1528
_d1528